000 00838nab a2200253 u 4500
001 17265
003 HDC
007 cr bn ---aaaaa
008 210223c20070808xx dr|noo 0 a eng d
040 _aHDC
100 _aTham, Choy Lin
_eauthor
_916740
245 0 _aMalaysia hoping to tap China's Halal market / by
_cTham Choy Lin
260 _a[No place] :
_b[publisher not identified],
_c2007
336 _atext
_2rdacontent
337 _acomputer
_2rdamedia
338 _aonline resource
_2rdacarrier
650 _aHalal industry
_9144
650 _aHalal market
_9582
710 _aHalal Focus
856 _zRequest full-text at [email protected]
942 _2lcc
942 _cNEWS
942 _kNWSO 005872
999 _c14581
_d14581